Shakespeare's History Plays : (Record no. 71676)

MARC details
000 -LEADER
fixed length control field 04057nam a22004335i 4500
005 - DATE AND TIME OF LATEST TRANSACTION
control field 20230718140438.0
006 - FIXED-LENGTH DATA ELEMENTS--ADDITIONAL MATERIAL CHARACTERISTICS
fixed length control field m|||||o||d||||||||
007 - PHYSICAL DESCRIPTION FIXED FIELD--GENERAL INFORMATION
fixed length control field cr || ||||||||
008 - FIXED-LENGTH DATA ELEMENTS--GENERAL INFORMATION
fixed length control field 220629t20222012stk fo d z eng d
020 ## - INTERNATIONAL STANDARD BOOK NUMBER
International Standard Book Number 9781474423540
040 ## - CATALOGING SOURCE
Original cataloging agency DE-B1597
Language of cataloging eng
Transcribing agency DE-B1597
Description conventions rda
041 0# - LANGUAGE CODE
Language code of text/sound track or separate title eng
050 #4 - LIBRARY OF CONGRESS CALL NUMBER
Classification number PR2982 P378 2012
082 04 - DEWEY DECIMAL CLASSIFICATION NUMBER
Classification number 822.33
100 1# - MAIN ENTRY--PERSONAL NAME
Personal name Parvini, Neema,
Relator term author.
Relator code aut
-- http://id.loc.gov/vocabulary/relators/aut
245 10 - TITLE STATEMENT
Title Shakespeare's History Plays :
Remainder of title Rethinking Historicism /
Statement of responsibility, etc. Neema Parvini.
264 #1 - PRODUCTION, PUBLICATION, DISTRIBUTION, MANUFACTURE, AND COPYRIGHT NOTICE
Place of production, publication, distribution, manufacture Edinburgh :
Name of producer, publisher, distributor, manufacturer Edinburgh University Press,
Date of production, publication, distribution, manufacture, or copyright notice [2022]
264 #4 - PRODUCTION, PUBLICATION, DISTRIBUTION, MANUFACTURE, AND COPYRIGHT NOTICE
Date of production, publication, distribution, manufacture, or copyright notice ©2012
300 ## - PHYSICAL DESCRIPTION
Extent 1 online resource (256 p.)
336 ## - CONTENT TYPE
Content type term text
Content type code txt
Source rdacontent
337 ## - MEDIA TYPE
Media type term computer
Media type code c
Source rdamedia
338 ## - CARRIER TYPE
Carrier type term online resource
Carrier type code cr
Source rdacarrier
347 ## - DIGITAL FILE CHARACTERISTICS
File type text file
Encoding format PDF
Source rda
505 00 - FORMATTED CONTENTS NOTE
Title Frontmatter --
-- CONTENTS --
-- ACKNOWLEDGEMENTS --
-- SERIES EDITOR'S PREFACE --
-- Part I Conflicting Moral Visions --
-- CHAPTER 1 NAVIGATING SHAKESPEARE'S MORAL COMPASS --
-- CHAPTER 2 THE CONSTRAINED VISION OF EVOLUTIONARY ETHICS --
-- CHAPTER 3 MORAL PHILOSOPHY IN ENGLAND DURING THE TIME OF SHAKESPEARE --
-- CHAPTER 4 THE REFORMATION, CAPITALISM AND ETHICS IN ENGLAND DURING THE 1590s AND EARLY 1600s --
-- Part II Shakespeare's Moral Compass --
-- CHAPTER 5 PAST REFLECTIONS ON SHAKESPEARE AND MORALITY --
-- CHAPTER 6 AUTHORITY --
-- CHAPTER 7 LOYALTY --
-- CHAPTER 8 FAIRNESS --
-- CHAPTER 9 SANCTITY --
-- CHAPTER 10 CARE --
-- CHAPTER 11 LIBERTY --
-- BIBLIOGRAPHY --
-- INDEX
506 0# - RESTRICTIONS ON ACCESS NOTE
Standardized terminology for access restriction unrestricted online access
Source of term star
520 ## - SUMMARY, ETC.
Summary, etc. Shakespeare and Contemporary Theory PodcastBoldly moves criticism of Shakespeare's history plays beyond anti-humanist theoretical approachesThis important intervention in the critical and theoretical discourse of Shakespeare studies summarises, evaluates and ultimately calls time on the mode of criticism that has prevailed in Shakespeare studies over the past thirty years. It heralds a new, more dynamic way of reading Shakespeare as a supremely intelligent and creative political thinker, whose history plays address and illuminate the very questions with which cultural historicists have been so preoccupied since the 1980s. The book reignites old debates and re-energises recent bids to humanise Shakespeare and to restore agency to the individual in the critical readings of his plays.Key Features* Re-evaluates the legacy of new historicism and cultural materialism and intervenes in vital theoretical debates about human nature, the relationship between the individual and society, and the scope for individual political agency* Questions the anti-essentialist, anti-humanist theoretical framework that has held sway in Shakespeare studies since the 1980s and develops a critical practice which appreciates Shakespeare's startling insights into personal agency in history and ideology* Provides original new readings of the first and second tetralogies that demonstrate Shakespeare's unique and radical take on the workings of power, history, and individual agencyKeywordsShakespeare, History Plays, Anti-humanism, New Historicism, Cultural Materialism, Critical Theory"
538 ## - SYSTEM DETAILS NOTE
System details note Mode of access: Internet via World Wide Web.
540 ## - TERMS GOVERNING USE AND REPRODUCTION NOTE
Terms governing use and reproduction This eBook is made available Open Access under a CC BY-NC 4.0 license:
Uniform Resource Identifier <a href="https://creativecommons.org/licenses/by-nc/4.0 ">https://creativecommons.org/licenses/by-nc/4.0 </a>
-- <a href="https://www.degruyter.com/dg/page/open-access-policy">https://www.degruyter.com/dg/page/open-access-policy</a>
546 ## - LANGUAGE NOTE
Language note In English.
588 0# - SOURCE OF DESCRIPTION NOTE
Source of description note Description based on online resource; title from PDF title page (publisher's Web site, viewed 29. Jun 2022)
650 #0 - SUBJECT ADDED ENTRY--TOPICAL TERM
Topical term or geographic name entry element Dramatic representation. The theater.
650 #4 - SUBJECT ADDED ENTRY--TOPICAL TERM
Topical term or geographic name entry element Literary Studies.
650 #7 - SUBJECT ADDED ENTRY--TOPICAL TERM
Topical term or geographic name entry element LITERARY CRITICISM / Shakespeare.
Source of heading or term bisacsh
776 0# - ADDITIONAL PHYSICAL FORM ENTRY
Qualifying information print
International Standard Book Number 9780748646135
856 40 - ELECTRONIC LOCATION AND ACCESS
Uniform Resource Identifier <a href="https://doi.org/10.1515/9781474423540">https://doi.org/10.1515/9781474423540</a>
Public note Open Access
-- 0
856 40 - ELECTRONIC LOCATION AND ACCESS
Uniform Resource Identifier <a href="https://www.degruyter.com/isbn/9781474423540">https://www.degruyter.com/isbn/9781474423540</a>
Public note Open Access
-- 0
856 42 - ELECTRONIC LOCATION AND ACCESS
Materials specified Cover
Uniform Resource Identifier <a href="https://www.degruyter.com/document/cover/isbn/9781474423540/original">https://www.degruyter.com/document/cover/isbn/9781474423540/original</a>
942 ## - ADDED ENTRY ELEMENTS (KOHA)
Koha item type E-Book
Holdings
Withdrawn status Damaged status Not for loan Home library Current library Date acquired Total Checkouts Date last seen Price effective from Koha item type
      De Gruyter De Gruyter 12/29/2022   12/29/2022 12/29/2022 E-Book

University of Rizal System
Email us at univlibservices@urs.edu.ph

Visit our Website www.urs.edu.ph/library